MDQL
is popping MORE tags! Check the
thread
!
Quizzes
Events
Quiz Creation
Community
Videos
Private Events
Remove Ads
Sign In
Join for FREE
Feedback
Dark Mode
Quiz Categories
Sports
Geography
Music
Movies
Television
Just For Fun
Miscellaneous
History
Literature
Language
Science
Gaming
Entertainment
Religion
Holiday
For Kids
Quiz Lab
Recent
Popular Today
Quiz Kudos Today
Editor Picks
Curator Picks
Quizzes by...
Day
Popularity
Type
Ratings
Length
Year
Community
Subscriptions
Recent Discussions
Orange Saloon
Badges
Playlists
Quests
Create
Leaderboards
Showdown
Live 5
Trivia Bingo
Activity
Puzzle Library
Sporcle Events
Private Events
Virtual Trivia
Globe League
Become a Host
Pub Owners
SporcleCon
Opinionation
Our Games
Videos
Blog
Mobile Apps
Partnerships
Remove Ads and Go Orange
Feedback
Language
Vocabulary
Begins and Ends
Definition
Spanish
French
German
Italian
Chinese
Latin
Translation
Japanese
Language
Vocabulary
Begins and Ends
Definition
Spanish
French
German
Italian
Chinese
Latin
Translation
Japanese
Random Quiz
Search Sporcle
×
Quiz Lab
Quiz Lab
Language
Definition
Type in answers that appear in a list
Type in answers that appear in a list
Classic
Best Score? Go Orange.
Linguistic processes Stats
Can you name the linguistic processes involved in the formation and history of these words?
By
Ignis_Umbrae
6m
15 Questions
448 Plays
448 Plays
448 Plays
Comments
Comments
Give Quiz Kudos
Give Quiz Kudos
-
- Ratings
hide this ad
Replay
Link that replays current quiz
Next Quiz
Link to next quiz in quiz playlist
You Got
0%
They Got
Avg Score
28%
Avg Friend Score
Upgrade to see
Score Distribution
Jump to the score distribution portion of the page
Score
0/15
Timer
06:00
0
Plays Today
Definition
Process
% Correct
Interpolation of one or more words between the components of a compound word
tmesis
60.5%
Combination of parts of other words
blending
59.6%
Coinage of a word from the first letters, etc., of a phrase
acronymy
53.8%
Transposition of letters or syllables within a word
metathesis
41.7%
Derivation of a word from one which appears to be (but is not) a derivative of the one being derived
back-formation
39.1%
Repetition of a word or part of a word, often with a corresponding change in sound
reduplication
35.5%
Change in form of a word influenced by popular associations and assumptions about its origin
folk etymology
26.1%
Development of a more favourable meaning or more positive connotations in a word, etc.
amelioration
26.1%
Definition
Process
% Correct
Development of a less favourable meaning or more negative meaning and connotations in a word, etc.
pejoration
25.7%
Use of a part for the whole, or vice versa
synecdoche
23.4%
Omission of one instance of a letter, syllable, etc. which occurs twice in sequence
haplology
11.4%
Loss of an unstressed vowel at the beginning of a word
aphesis
9.8%
Reinterpretation of the form of a word, especially the alteration of word boundaries
metanalysis
8.7%
Coinage of a word to differentiate the original form of something
retronymy
8.3%
Reversal of the spelling and pronunciation of a word
back-slang
4.7%
Quiz Playlist
Details
Report
Send in Message
Add To Playlist
Classic:
Type in answers that appear in a list
Last Updated: Apr 10, 2017
Quiz Scoreboard
CHALLENGE
Sign Up to Join the Scoreboard
Show All
Scores
Hide
Comments
May contain spoilers
Recently Published
Colored Red Africa Blitz
by spor1
Geography
30s
Find the 'City' Movie
by crazypaving
Movies
60s
5x2 Blitz: Bands
by SL_Kpop136
Music
30s
More to Explore
Quiz From the Vault
Featured Blog Post
14 Easter Pick-up Lines to Find Eggs With
hide this ad
You Might Also Like...
Tags
Definition Quiz
Example
formation
Involved
process
Today's Top Quizzes in Language
Browse Language
hide this ad
Today's Top Quizzes in Definition
Browse Definition
Top Contributed Quizzes in Language
1
What Word Starts All?
2
Arabic Numerals
3
1-10 Letter F Words III
4
1-10 Letter G Words III
5
1-10 Letter H Words III
6
Weisst du, aus welchen Sprachen diese Wörter stammen?
7
1-10 Letter I Words III
8
Latihan Huruf Hiragana KA KI KU KE KO
9
1-10 Letter M Words III
10
1-10 Letter J Words III
Explore More
Trending Topics
Disney
Kpop
Harry Potter
Marvel
Anime
NBA
Crossword
Song
NFL
The Office
Pokémon
Soccer
WWE
Puzzle
Country
hide this ad
More By:
Ignis_Umbrae
Quiz
Plays
Rating
Category
Featured
Created
Japanese in English
120,455
4.31
Language
May 1, 2010
Source Languages of English Words
62,325
4.30
Language
Nov 4, 2010
Mathematicians' First Names
34,187
4.18
Science
Nov 20, 2010
Unusual Letter Combinations
12,904
4.52
Language
Dec 23, 2010
Minute math(s): Reverse Polish edition
3,516
4.38
Science
Sep 11, 2010
Go to Creator's Profile
Score Distribution
Quiz Creator Spotlight
Ignis_Umbrae
Follow
Send a Message
Quizzes Created
-
Created Quiz Play Count
-
More By This Creator
Popular Quizzes Today
1
Colored Red Africa Blitz
2
Find the US States - No Outlines Minefield
3
Find the 'City' Movie
4
5x2 Blitz: Bands
5
The Countries of the World
6
Find the US States
7
Find the Countries of Europe - No Outlines Minefield
8
US States
More Language Quizzes
Rhymes with 'HINT'
Published
Trending Quizzes
Colored Red Europe Blitz I
Colored Red Europe Blitz II
Colored Red Africa Blitz II
Colored Red Europe Blitz III
Colored Red Africa Blitz III
Recently Updated
How Do You Spell That?
pecheneg
Godzilla Movies
pecheneg
Grab Bag: 4-10 Letters
pecheneg
2024 March Madness Bracket
pecheneg
Famous TV Couples
Peacemaker
Champions League XIs: Real Madrid
pecheneg
Largest US Cities 1790-2010
pecheneg
Rides in Walt Disney World
pecheneg
Most Oscar Losses (Acting)
pecheneg
Beyoncé Albums
pecheneg
Trending Topics
Marvel
Crossword
NBA
Anime
Harry Potter
Disney
Kpop
Soccer
Pokémon
Country
The Office
WWE
NFL
Puzzle
Song
Your Account Isn't Verified!
In order to create a playlist on Sporcle, you need to verify the email address you used during registration. Go to your
Sporcle Settings
to finish the process.
Report this User
Report this user for behavior that violates our
Community Guidelines
.
Details:
Send Report
Go to the Sporcle.com Mobile Site →
Comments